| 000 | 01244cam a2200301I 4500 | ||
|---|---|---|---|
| 999 |
_c6302 _d6302 |
||
| 001 | 1194577 | ||
| 003 | OCoLC | ||
| 005 | 20190116153856.0 | ||
| 008 | 750228s1948 nyu i 000 0 eng c | ||
| 010 | _a48009181 | ||
| 035 | _a(OCoLC)1194577 | ||
| 040 |
_aCSU _beng _cCSU _dOCL _dDRB _dOCLCG _dOCLCF _dOCLCQ _dOCLCO _dRCT |
||
| 050 | 4 |
_aBS432 _b.B4 1948 |
|
| 082 |
_a220.2 _bB533T |
||
| 100 | 1 |
_aBerrey, Lester V., _d1907- _eeditor |
|
| 245 | 1 | 2 | _aA treasury of Biblical quotations |
| 250 | _a[1st ed.] | ||
| 260 |
_aGarden City, N.Y., _bDoubleday, _c1948 |
||
| 300 |
_aviii, 240 pages _c22 cm |
||
| 336 |
_atext _btxt _2rdacontent |
||
| 337 |
_aunmediated _bn _2rdamedia |
||
| 338 |
_avolume _bnc _2rdacarrier |
||
| 520 | _aA thesaurus of the significant pointed passages of Scripture topically classified and so organized for ready reference, that all who seek the desired verse, the pertinent passage, the comforting or instructive Scripture on any subject may find it quickly and easily | ||
| 630 | 0 | 0 |
_aBible _vIndexes |
| 655 | 7 |
_aIndexes. _2fast _0(OCoLC)fst01423761 |
|
| 776 | 0 | 8 |
_iOnline version: _aBerrey, Lester V., 1907- _tTreasury of Biblical quotations. _b[1st ed.]. _dGarden City, N.Y., Doubleday, 1948 _w(OCoLC)608915638 |
| 942 |
_2ddc _cBK |
||